[Event "Corus B"]
[Site "Wijk aan Zee NED"]
[Date "2005.01.16"]
[Round "2"]
[White "Stellwagen,D"]
[Black "Ernst,S"]
[Result "1-0"]
[WhiteElo "2524"]
[BlackElo "2509"]
[EventDate "2005.01.15"]

1. e4 e5 2. Nf3 Nc6 3. Bb5 a6 4. Ba4 Nf6 5. O-O Nxe4 6. d4 b5 7. Bb3 d5 8.
dxe5 Be6 9. Nbd2 Nc5 10. c3 d4 11. Bxe6 Nxe6 12. cxd4 Ncxd4 13. a4 Bc5 14.
Ne4 Bb6 15. Re1 O-O 16. Nfg5 h6 17. Nxe6 fxe6 18. a5 Ba7 19. Ra3 Qd5 20.
Nf6+ gxf6 21. Bxh6 Kf7 22. Qh5+ Ke7 23. exf6+ Kxf6 24. Re5 Qxe5 25. Bg7+
Kxg7 26. Qxe5+ Kf7 27. Rh3 Nf5 28. g4 Rg8 29. Rh7+ Ng7 30. h4 Kg6 31. Rxg7+
Rxg7 32. Qe4+ Kf7 33. Qxa8 Rxg4+ 34. Kf1 1-0

[Event "Corus B"]
[Site "Wijk aan Zee NED"]
[Date "2005.01.17"]
[Round "3"]
[White "Smeets,J"]
[Black "Stellwagen,D"]
[Result "1/2-1/2"]
[WhiteElo "2475"]
[BlackElo "2524"]
[EventDate "2005.01.15"]

1. e4 e6 2. d4 d5 3. Nc3 Nf6 4. e5 Nfd7 5. f4 c5 6. Nf3 Nc6 7. Be3 cxd4 8.
Nxd4 Bc5 9. Qd2 O-O 10. O-O-O a6 11. Kb1 Qc7 12. Qf2 Nxd4 13. Bxd4 b5 14.
Bd3 Bxd4 15. Qxd4 Rb8 16. Ne2 b4 17. Qe3 Nc5 18. h4 Bd7 19. h5 a5 20. h6 g6
21. Nd4 a4 22. Qg3 a3 23. Qg5 Qd8 24. Qxd8 Rfxd8 25. b3 Rb6 26. Kc1 Bc8 27.
Kd2 1/2-1/2

[Event "Corus B"]
[Site "Wijk aan Zee NED"]
[Date "2005.01.17"]
[Round "3"]
[White "Ramirez,Al"]
[Black "Cheparinov,I"]
[Result "1/2-1/2"]
[WhiteElo "2507"]
[BlackElo "2572"]
[EventDate "2005.01.15"]

1. e4 e5 2. Nf3 Nc6 3. Bb5 Nf6 4. O-O Nxe4 5. d4 Nd6 6. Bxc6 dxc6 7. dxe5
Nf5 8. Qxd8+ Kxd8 9. Nc3 Ne7 10. b3 Bg4 11. Ng5 Ke8 12. Ba3 h6 13. Nge4 b6
14. h3 Bd7 15. Rae1 Nd5 16. Bxf8 Kxf8 17. f4 Re8 18. Rf3 h5 19. Rd1 Bc8 20.
Ne2 h4 21. c4 Ne7 22. Nd4 Nf5 23. Nc3 Nxd4 24. Rxd4 Bf5 25. Rf1 f6 26. c5
Kf7 27. exf6 gxf6 28. Kf2 Rhg8 29. Ne2 bxc5 30. Rd2 Be4 31. Rg1 Ke6 32. g4
hxg3+ 33. Nxg3 Bd5 34. Re1+ Kf7 35. Rxe8 Rxe8 36. Rc2 Rh8 37. Rxc5 Rxh3 38.
Ra5 Rh2+ 39. Ke3 Rh3 40. Kf2 Ke6 41. Rxa7 Rh2+ 42. Ke3 Rh3 43. Kf2 Kd6 44.
Ra5 Rh2+ 45. Ke3 Rh3 46. Kf2 Kd7 47. Ra6 Rh2+ 48. Ke3 Rh3 49. Kf2 c5 50.
Rxf6 Rh2+ 51. Ke3 Rxa2 52. Ne4 Bxe4 1/2-1/2

[Event "Corus B"]
[Site "Wijk aan Zee NED"]
[Date "2005.01.20"]
[Round "5"]
[White "Ramirez,Al"]
[Black "Smeets,J"]
[Result "0-1"]
[WhiteElo "2507"]
[BlackElo "2475"]
[EventDate "2005.01.15"]

1. c4 Nf6 2. Nc3 e5 3. g3 Bb4 4. Bg2 O-O 5. Nf3 Re8 6. O-O c6 7. d3 h6 8.
Bd2 a6 9. Rc1 Bf8 10. Qb3 d6 11. a4 a5 12. Rfd1 Na6 13. d4 exd4 14. Nxd4
Nc5 15. Qc2 Bg4 16. Be3 Qb6 17. Nf5 Bxf5 18. Qxf5 Rxe3 19. fxe3 Qxb2 20.
Rc2 Qb6 21. Rb1 Qa7 22. h3 Re8 23. Qf2 Qa6 24. Nd1 Nxa4 25. Nb2 Qb6 26. e4
Qb3 27. Rcc1 Nxb2 28. e3 Nxe4 29. Rxb2 Qa3 30. Bxe4 Rxe4 31. Re1 Re7 32.
Ree2 Qc5 33. Qf4 a4 34. Qd4 Qa5 35. Qb6 Qc3 36. Qb4 Qxb4 37. Rxb4 Re4 38.
Rxb7 Rxc4 39. Ra7 d5 40. Kf2 a3 41. Ra8 g6 42. Ke1 Rc1+ 43. Kf2 Kg7 44. Ra4
Kf6 45. Re1 Rc2+ 46. Re2 Rc3 47. Ke1 Ke5 48. Kd2 Rb3 49. Kc2 Rb2+ 50. Kd3
Rb1 51. h4 Bb4 52. Kc2 Rb2+ 53. Kd3 Rb3+ 54. Kc2 Rc3+ 55. Kd2 c5 56. g4 Ke4
57. g5 hxg5 58. hxg5 Kf3 0-1

[Event "Corus B"]
[Site "Wijk aan Zee NED"]
[Date "2005.01.20"]
[Round "5"]
[White "Nijboer,F"]
[Black "Stellwagen,D"]
[Result "1/2-1/2"]
[WhiteElo "2549"]
[BlackElo "2524"]
[EventDate "2005.01.15"]

1. e4 c5 2. Nf3 d6 3. d4 cxd4 4. Nxd4 Nf6 5. Nc3 g6 6. Be2 Bg7 7. O-O O-O
8. Bg5 Nc6 9. Nb3 a5 10. a4 Be6 11. Kh1 Rc8 12. f4 Qb6 13. Bh4 Nb4 14. Bf2
Qc7 15. Nd4 Bc4 16. Ndb5 Bxe2 17. Qxe2 Qc4 18. Rae1 Qxe2 19. Rxe2 Nd7 20.
g4 Rc4 21. Kg2 h6 22. Bh4 Bf6 23. Bg3 g5 24. e5 dxe5 25. fxe5 Bg7 26. h3
Rcc8 27. e6 fxe6 28. Rxe6 Rxf1 29. Kxf1 Kf7 30. Re2 Nb6 31. Bc7 Bxc3 32.
Bxb6 Bxb2 33. Bxa5 Nc6 34. Bb6 Bf6 35. c3 Ne5 36. Bc7 Nc4 37. Kf2 Na3 38.
Nxa3 Rxc7 39. Nb5 Rc4 40. Ra2 Bxc3 41. Nxc3 Rxc3 42. Kg2 Rc6 43. Rb2 b6 44.
Rb5 Ke6 45. h4 Kf6 46. hxg5+ hxg5 47. Rf5+ Kg6 48. a5 e6 49. Rb5 bxa5 50.
Rxa5 Rc2+ 51. Kf3 Rc3+ 52. Kf2 Kf6 53. Rb5 Rd3 54. Ra5 Rd5 55. Ra8 Ke5 56.
Ke3 Rb5 57. Ra3 Rb1 58. Ra5+ Kf6 59. Kf2 Rd1 60. Ke3 Rf1 61. Ra4 Rc1 62.
Ra5 Rc4 63. Kf3 Rd4 64. Rb5 Rd3+ 65. Kf2 Rd5 66. Rb3 e5 67. Rb6+ Kf7 68.
Kf3 Rd4 69. Ra6 Rf4+ 70. Kg3 e4 71. Rb6 Ke7 72. Ra6 Rf6 73. Ra3 Kd6 74.
Ra6+ Ke5 75. Ra5+ Kd4 76. Ra4+ Kd3 77. Ra3+ Kd2 78. Ra2+ Kc3 79. Ra3+ Kb4
80. Ra8 Rf7 81. Rg8 Kc3 82. Rxg5 e3 83. Re5 Kd2 84. g5 e2 85. Kg4 Rf1 86.
g6 1/2-1/2

[Event "Corus B"]
[Site "Wijk aan Zee NED"]
[Date "2005.01.22"]
[Round "7"]
[White "Ramirez,Al"]
[Black "Stellwagen,D"]
[Result "1/2-1/2"]
[WhiteElo "2507"]
[BlackElo "2524"]
[EventDate "2005.01.15"]

1. e4 e6 2. d4 d5 3. exd5 exd5 4. Nf3 Bg4 5. h3 Bh5 6. Qe2+ Qe7 7. Be3 Nc6
8. Nc3 O-O-O 9. g4 Bg6 10. O-O-O Nf6 11. Ne5 Qe8 12. Nxg6 hxg6 13. g5 Ne4
14. Qg4+ Kb8 15. Nxe4 Qxe4 16. Qxe4 dxe4 17. Bg2 Rh4 18. c3 Ne7 19. Rde1
Nf5 20. Bd2 Nd6 21. Kc2 f5 22. gxf6 gxf6 23. Re2 Kc8 24. f3 exf3 25. Bxf3
Re8 26. Rxe8+ Nxe8 27. Rg1 g5 28. Bg4+ Kd8 29. c4 Be7 30. Re1 Rh8 31. d5
Rf8 32. Bf5 Nd6 33. Bd3 Rh8 34. Re3 Rh4 35. Be1 Rh6 36. c5 Nf7 37. b4 Ne5
38. Bf5 b6 39. cxb6 axb6 40. Ra3 Bd6 41. Re3 b5 42. Kb3 Rh8 43. Bf2 Ke7 44.
Bg3 1/2-1/2

[Event "Corus B"]
[Site "Wijk aan Zee NED"]
[Date "2005.01.22"]
[Round "7"]
[White "Ernst,S"]
[Black "Cheparinov,I"]
[Result "1/2-1/2"]
[WhiteElo "2509"]
[BlackElo "2572"]
[EventDate "2005.01.15"]

1. d4 Nf6 2. c4 e6 3. Nc3 Bb4 4. Qc2 O-O 5. a3 Bxc3+ 6. Qxc3 b6 7. Bg5 Bb7
8. f3 d6 9. Nh3 Nbd7 10. e3 h6 11. Bh4 c5 12. dxc5 bxc5 13. Be2 a5 14. O-O
a4 15. Rad1 Ra6 16. Nf2 Qa8 17. Rd2 Rb6 18. Rfd1 Qb8 19. Qc2 Ba8 20. Bf1
Ra6 21. Bg3 e5 22. Bh4 Qc7 23. Rb1 Nh5 24. Nd1 g5 25. Bf2 e4 26. f4 f5 27.
Bg3 Ndf6 28. Nc3 Ng4 29. Re1 Kh7 30. Nb5 Qf7 31. Be2 Nxe3 32. Qc3 Nxg3 33.
Qxe3 Nxe2+ 34. Rexe2 Qg6 35. Rd1 Rg8 36. g3 Rb6 37. Red2 d5 38. Qxc5 gxf4
39. Qc7+ Rg7 40. Qxf4 dxc4 41. Nd6 Rb3 42. Rf1 Rd3 43. Nxc4 Qe6 44. Qxf5+
Qxf5 45. Rxf5 Rc7 46. Rxd3 exd3 47. Rf4 Re7 48. Nd2 Re1+ 49. Rf1 Re2 50.
Rf2 Re1+ 51. Rf1 1/2-1/2

[Event "Corus B"]
[Site "Wijk aan Zee NED"]
[Date "2005.01.25"]
[Round "9"]
[White "Ernst,S"]
[Black "Smeets,J"]
[Result "0-1"]
[WhiteElo "2509"]
[BlackElo "2475"]
[EventDate "2005.01.15"]

1. d4 d5 2. c4 c6 3. Nf3 Nf6 4. Nc3 e6 5. Bg5 dxc4 6. e4 b5 7. e5 h6 8. Bh4
g5 9. Nxg5 hxg5 10. Bxg5 Nbd7 11. g3 Rg8 12. h4 Rxg5 13. hxg5 Nd5 14. g6
fxg6 15. Qg4 Qe7 16. Bg2 Qf7 17. Be4 Ne7 18. Rh8 Nb6 19. Ke2 Bd7 20. b4
Nbd5 21. Bxd5 exd5 22. Qh4 a5 23. bxa5 Rxa5 24. Kf1 b4 25. Ne2 b3 26. a4
Bf5 27. Nc3 b2 28. Re1 Ra7 29. Kg2 Rb7 30. a5 Rb3 31. e6 Bxe6 32. Rxe6 Qxe6
33. Qf4 Qf5 34. Qd2 b1=Q 35. Nxb1 Qf3+ 0-1

[Event "Corus B"]
[Site "Wijk aan Zee NED"]
[Date "2005.01.26"]
[Round "10"]
[White "Nijboer,F"]
[Black "Ernst,S"]
[Result "0-1"]
[WhiteElo "2549"]
[BlackElo "2509"]
[EventDate "2005.01.15"]

1. e4 e5 2. Nf3 Nf6 3. Nxe5 d6 4. Nf3 Nxe4 5. d4 d5 6. Bd3 Be7 7. O-O Nc6
8. c4 Nb4 9. Be2 O-O 10. Nc3 Bf5 11. a3 Nxc3 12. bxc3 Nc6 13. Re1 Re8 14.
cxd5 Qxd5 15. Bf4 Rac8 16. Bd3 Qd7 17. Rb1 b6 18. Bb5 Bxb1 19. d5 Bd6 20.
Rxe8+ Qxe8 21. Bxd6 Qe4 22. Bxc7 Bc2 23. Qd2 Nb8 24. d6 Ba4 25. Bd3 Qg4 26.
h3 Qh5 27. Qf4 Bd7 28. Ne5 Re8 29. Nf3 Nc6 30. Bc4 h6 31. g4 Qg6 32. Kg2
Kf8 33. Bd5 h5 34. g5 f6 35. Nh4 Qd3 36. Qf3 Qxf3+ 37. Bxf3 fxg5 38. Ng6+
Kf7 39. Bxh5 Kf6 40. Ne7 Rh8 41. Nd5+ Ke5 42. Bf3 Na5 43. Kg1 Nc4 44. Ne7
Kf6 45. Nc6 Rxh3 46. Bd8+ Kf7 47. Bd5+ Ke8 48. Bc7 Rxc3 49. Nxa7 b5 50. Be4
Ne5 51. Bb6 Rxa3 52. Kg2 Bh3+ 53. Kh1 Bd7 54. Bd4 Ra4 0-1

[Event "Corus B"]
[Site "Wijk aan Zee NED"]
[Date "2005.01.29"]
[Round "12"]
[White "Stellwagen,D"]
[Black "Cheparinov,I"]
[Result "1/2-1/2"]
[WhiteElo "2524"]
[BlackElo "2572"]
[EventDate "2005.01.15"]

1. e4 c5 2. Nf3 d6 3. Bb5+ Nd7 4. d4 Ngf6 5. Nc3 a6 6. Bxd7+ Nxd7 7. O-O e6
8. Bg5 f6 9. Bh4 Be7 10. dxc5 dxc5 11. e5 f5 12. Bxe7 Qxe7 13. Qd6 Qxd6 14.
exd6 Kf7 15. Rfe1 Kf6 16. g4 fxg4 17. Ne4+ Kg6 18. Nh4+ Kh6 19. f4 Rf8 20.
Ng5 Nb6 21. Nxe6 Bxe6 22. Rxe6+ g6 23. Rd1 Rad8 24. Kg2 Rxf4 25. Kg3 Rf7
26. Kxg4 Nd7 27. Kg3 Nf6 28. Kg2 Nh5 29. Re7 Rxe7 30. dxe7 Re8 31. Rd7 b5
32. Nf3 Nf6 33. Ra7 Nd5 34. Rxa6 Rxe7 35. Ra5 Re2+ 36. Kg3 Rxc2 37. Rxb5
Ne3 38. a4 g5 39. Ne5 Nf1+ 40. Kg4 Nxh2+ 41. Kf5 Rf2+ 42. Ke6 g4 43. Rb8
Re2 44. Kd6 g3 45. Rg8 Nf1 46. a5 Rxb2 47. Kxc5 Ra2 48. Kb6 Rb2+ 49. Kc6
Re2 50. Nf3 Rc2+ 51. Kb7 Rb2+ 52. Kc6 Ra2 53. Kb6 Rb2+ 54. Kc6 Ra2 55. Kb6
1/2-1/2